[Event "Koge 3+ EMT 2013"]
[Site "Koge"]
[Date "2013.02.12"]
[Round "1"]
[White "Smidt Nielsen, Henrik"]
[Black "Stuhr, Finn"]
[Result "1-0"]
[WhiteElo "1853"]
[BlackElo "1663"]
[PlyCount "127"]
[EventDate "2013.??.??"]
[EventType "tourn"]
[EventRounds "7"]


1. d4 Nf6 2. g3 g6 3. Bg2 Bg7 4. e4 d6 5. Nc3 e6 6. Bg5 c6 7. Qd2 Qb6 8. h3
Qxb2 9. Rb1 Qa3 10. Nge2 Nbd7 11. O-O Qa5 12. Rfd1 O-O 13. Bh6 Qh5 14. Bxg7
Kxg7 15. f4 Qa5 16. Qe3 Nb6 17. Qf2 Rb8 18. g4 Nc4 19. Rd3 b5 20. f5 b4 21. g5
Nd7 22. Nd1 Qxa2 23. f6+ Kh8 24. Rc1 e5 25. h4 Ba6 26. Rh3 exd4 27. h5 Nde5 28.
Qh4 Rb7 29. Nxd4 c5 30. hxg6 fxg6 31. Ne6 Rff7 32. Nd8 Rbd7 33. Nxf7+ Rxf7 34.
Ne3 Bc8 35. Rg3 Qb2 36. Re1 Qc3 37. Re2 Qd4 38. Kh1 Qa1+ 39. Kh2 Nxe3 40. Rexe3
Qc1 41. Re2 Qd1 42. Rf2 Qe1 43. Rf1 Qe2 44. Kg1 Qxc2 45. Bh3 Bd7 46. Bxd7 Rxd7
47. Qf4 Qc4 48. Re3 Qd4 49. Kh1 Qc4 50. Rg1 a5 51. Rh3 a4 52. Rc1 Qf7 53. Qd2
Qe6 54. Rg3 Nf7 55. Qd5 Qe5 56. Qxe5 Nxe5 57. Kg2 a3 58. Rb3 Ra7 59. Rxb4 Kg8
60. Rb8+ Kf7 61. Rh1 Nc6 62. Rxh7+ Ke6 63. Rxa7 Nxa7 64. Re8+ 1-0

[Event "Koge 3+ EMT 2013"]
[Site "Koge"]
[Date "2013.02.12"]
[Round "1"]
[White "Vesterskov, Michael"]
[Black "Krogh, Peter Ove"]
[Result "0-1"]
[WhiteElo "1733"]
[BlackElo "1782"]
[PlyCount "110"]
[EventDate "2013.??.??"]
[EventType "tourn"]
[EventRounds "7"]


1. d4 Nf6 2. c4 e6 3. Nc3 Bb4 4. Qc2 c5 5. e3 O-O 6. a3 Bxc3+ 7. Qxc3 b6 8. Nf3
Bb7 9. Be2 d5 10. dxc5 Nbd7 11. cxb6 Nxb6 12. cxd5 Rc8 13. Qd3 Bxd5 14. b3 Qe7
15. O-O Rfd8 16. Qb5 Rc3 17. Bb2 Rxb3 18. Bxf6 gxf6 19. Qa6 Rb2 20. Nd4 f5 21.
Rfb1 Rxb1+ 22. Rxb1 Qc7 23. Bf3 Bc4 24. Rc1 Rc8 25. Qa5 Qd7 26. Qe5 Bd5 27. Rd1
Qa4 28. Ra1 Qxa3 29. Rf1 Bxf3 30. gxf3 Kf8 31. Kh1 Rc1 32. Rxc1 Qxc1+ 33. Kg2
Qc8 34. f4 Kg8 35. Qf6 Qf8 36. Kf1 Nd5 37. Qg5+ Kh8 38. Ke2 a5 39. f3 a4 40. e4
h6 41. Qh4 fxe4 42. fxe4 Nc7 43. Qf6+ Kh7 44. f5 Ne8 45. Qd8 e5 46. Nb5 Qg8 47.
Kf3 f6 48. Qe7+ Kh8 49. Nd6 Qb3+ 50. Ke2 Qb2+ 51. Kf1 Qc1+ 52. Ke2 Qc2+ 53. Ke1
Qb1+ 54. Ke2 Qa2+ 55. Kf3 Qa3+ 0-1

[Event "Koge 3+ EMT 2013"]
[Site "Koge"]
[Date "2013.02.12"]
[Round "1"]
[White "Carlsen, Erik"]
[Black "Larsen, Ulrik"]
[Result "0-1"]
[WhiteElo "1956"]
[BlackElo "1971"]
[PlyCount "58"]
[EventDate "2013.??.??"]
[EventType "tourn"]
[EventRounds "7"]


1. c4 e6 2. Nc3 d5 3. d4 c5 4. Nf3 Nc6 5. cxd5 exd5 6. Bf4 Nf6 7. e3 c4 8. a4
Bb4 9. Be2 Ne4 10. Rc1 Qa5 11. Qc2 Bf5 12. Nh4 Nxc3 13. Nxf5 Na2+ 14. Kd1 Nxc1
15. Kxc1 O-O 16. Nxg7 Kxg7 17. Qf5 Qd8 18. Bd1 Qf6 19. Qxd5 Rfd8 20. Qh5 Qg6
21. Qh3 Qe6 22. Bg4 Qf6 23. Bf5 h6 24. Qg4+ Kh8 25. Qh5 Bf8 26. Be4 Bg7 27. h4
Nxd4 28. Bg5 Nb3+ 29. Kb1 Qxb2# 0-1

[Event "Koge 3+ EMT 2013"]
[Site "Koge"]
[Date "2013.02.12"]
[Round "1"]
[White "Christensen, Verner"]
[Black "Pedersen, Hans Dahl"]
[Result "0-1"]
[WhiteElo "1850"]
[BlackElo "2150"]
[PlyCount "56"]
[EventDate "2013.??.??"]
[EventType "tourn"]
[EventRounds "7"]


1. e4 c5 2. d4 cxd4 3. c3 Nf6 4. e5 Nd5 5. Bc4 Nb6 6. Bb3 e6 7. Nf3 Nc6 8. cxd4
d6 9. O-O Be7 10. Nc3 O-O 11. Qe2 dxe5 12. dxe5 Nd4 13. Nxd4 Qxd4 14. Rd1 Qh4
15. Ne4 Rd8 16. Rxd8+ Bxd8 17. g3 Qh3 18. Bg5 Bd7 19. Bxd8 Rxd8 20. Rd1 Rf8 21.
Ng5 Qh6 22. f4 Bc6 23. Bc2 g6 24. Bb3 Nd5 25. Ne4 Kh8 26. Qf2 Nxf4 27. Qe1 Nh3+
28. Kf1 Qh5 0-1

[Event "Koge 3+ EMT 2013"]
[Site "Koge"]
[Date "2013.02.26"]
[Round "2"]
[White "Stuhr, Finn"]
[Black "Pedersen, Hans Dahl"]
[Result "1-0"]
[WhiteElo "1663"]
[BlackElo "2150"]
[PlyCount "87"]
[EventDate "2013.??.??"]
[EventType "tourn"]
[EventRounds "7"]


1. e4 c5 2. Nf3 e6 3. c3 Nf6 4. e5 Nd5 5. d4 cxd4 6. cxd4 d6 7. Bb5+ Bd7 8. Bc4
Nb6 9. Bd3 Be7 10. O-O Bc6 11. Nbd2 dxe5 12. Nxe5 Qxd4 13. Ndf3 Qd8 14. Nxf7
Kxf7 15. Ne5+ Kg8 16. Qg4 Bd5 17. Be4 Nc6 18. Bf4 Bf6 19. Rad1 Bxe5 20. Bxd5
exd5 21. Qe6+ Kf8 22. Bxe5 Nxe5 23. Qxe5 Qf6 24. Qc7 Qf7 25. Qg3 h5 26. Rc1 h4
27. Qg4 Rh6 28. h3 Re8 29. Rc3 Re4 30. Qg5 Qf6 31. Rf3 Qxf3 32. gxf3 Ree6 33.
Qd8+ Kf7 34. Rc1 Re7 35. Kf1 Rhe6 36. Qb8 g5 37. Qxa7 d4 38. Qa5 Kf6 39. Rc5
Nd7 40. Rf5+ Kg7 41. Rxg5+ Rg6 42. Qd5 Nf6 43. Rxg6+ Kxg6 44. Qxd4 1-0

[Event "Koge 3+ EMT 2013"]
[Site "Koge"]
[Date "2013.02.26"]
[Round "2"]
[White "Larsen, Ulrik"]
[Black "Christensen, Verner"]
[Result "1-0"]
[WhiteElo "1971"]
[BlackElo "1850"]
[PlyCount "63"]
[EventDate "2013.??.??"]
[EventType "tourn"]
[EventRounds "7"]


1. e4 e5 2. Bc4 Nf6 3. d3 Bc5 4. Nf3 d6 5. O-O O-O 6. c3 Be6 7. Bb3 Bb6 8. Nbd2
Nbd7 9. Re1 Nc5 10. Bc2 Bg4 11. h3 Bh5 12. Nf1 Ne6 13. Ng3 Bg6 14. d4 exd4 15.
cxd4 c6 16. Be3 d5 17. e5 Bxc2 18. Qxc2 Ne8 19. Nf5 Rc8 20. b4 Kh8 21. Rad1 Rc7
22. Qd2 f6 23. Bf4 Nxf4 24. Qxf4 fxe5 25. Nxe5 Qf6 26. Ng4 Qf7 27. Qg5 Rc8 28.
Ne7 Bd8 29. Qh4 Nd6 30. Ne5 Qxf2+ 31. Qxf2 Rxf2 32. Nxc8 1-0

[Event "Koge 3+ EMT 2013"]
[Site "Koge"]
[Date "2013.02.26"]
[Round "2"]
[White "Smidt Nielsen, Henrik"]
[Black "Vesterskov, Michael"]
[Result "1/2-1/2"]
[WhiteElo "1853"]
[BlackElo "1733"]
[PlyCount "81"]
[EventDate "2013.??.??"]
[EventType "tourn"]
[EventRounds "7"]


1. Nf3 Nf6 2. c4 c5 3. Nc3 Nc6 4. d4 cxd4 5. Nxd4 Nxd4 6. Qxd4 e6 7. Bg5 Be7 8.
e3 O-O 9. Be2 a6 10. O-O b6 11. Rfd1 h6 12. Bh4 Bc5 13. Qd3 g5 14. Bg3 Bb7 15.
a3 a5 16. e4 Qe7 17. e5 Ne8 18. Qxd7 Qxd7 19. Rxd7 Bc6 20. Rd2 f5 21. exf6 Nxf6
22. Rad1 Ne4 23. Nxe4 Bxe4 24. Bg4 Bf5 25. Bxf5 Rxf5 26. Re1 Re8 27. Re5 Kf7
28. h4 Kf6 29. hxg5+ hxg5 30. Rxf5+ exf5 31. Bc7 Re1+ 32. Kh2 Rf1 33. Kg3 a4
34. Bd6 Re1 35. Bxc5 bxc5 36. Rd5 Re5 37. f4 gxf4+ 38. Kxf4 Re4+ 39. Kf3 Rxc4
40. Rd2 Kg5 41. g3 1/2-1/2

[Event "Koge 3+ EMT 2013"]
[Site "Koge"]
[Date "2013.03.12"]
[Round "3"]
[White "Vesterskov, Michael"]
[Black "Stuhr, Finn"]
[Result "1-0"]
[WhiteElo "1733"]
[BlackElo "1663"]
[PlyCount "63"]
[EventDate "2013.??.??"]
[EventType "tourn"]
[EventRounds "7"]


1. d4 Nf6 2. Nf3 b6 3. e3 Bb7 4. Be2 e6 5. c4 c5 6. Nc3 d5 7. O-O Qc7 8. Nb5
Qd8 9. b3 a6 10. Nc3 Qc7 11. Bb2 Nbd7 12. Rc1 Be7 13. dxc5 Bxc5 14. cxd5 exd5
15. b4 Bxb4 16. Nxd5 Qd6 17. Nc7+ Ke7 18. Nxa8 Bxa8 19. Bxa6 Bd5 20. Bc4 Rc8
21. Bxd5 Rxc1 22. Qxc1 Qxd5 23. a3 Bc5 24. Rd1 Qe6 25. Qd2 Ng4 26. Nd4 Qd5 27.
e4 Qb7 28. Qg5+ Ngf6 29. e5 Qe4 30. exf6+ gxf6 31. Qd2 Bd6 32. Nf5+ 1-0

[Event "Koge 3+ EMT 2013"]
[Site "Koge"]
[Date "2013.03.12"]
[Round "3"]
[White "Carlsen, Erik"]
[Black "Smidt Nielsen, Henrik"]
[Result "1/2-1/2"]
[WhiteElo "1956"]
[BlackElo "1853"]
[PlyCount "42"]
[EventDate "2013.??.??"]
[EventType "tourn"]
[EventRounds "7"]


1. c4 Nf6 2. Nc3 g6 3. Nf3 Bg7 4. g3 d6 5. d4 O-O 6. Bg2 Nc6 7. O-O a6 8. e3
Rb8 9. a4 a5 10. e4 e5 11. d5 Nb4 12. h3 Ne8 13. Be3 h6 14. Qd2 Kh7 15. Ne1 f5
16. Nd3 Nxd3 17. Qxd3 Nf6 18. Kh2 fxe4 19. Nxe4 Bf5 20. f3 b6 21. g4 Bxe4
1/2-1/2

[Event "Koge 3+ EMT 2013"]
[Site "Koge"]
[Date "2013.03.12"]
[Round "3"]
[White "Pedersen, Hans Dahl"]
[Black "Larsen, Ulrik"]
[Result "1-0"]
[WhiteElo "2150"]
[BlackElo "1971"]
[PlyCount "65"]
[EventDate "2013.??.??"]
[EventType "tourn"]
[EventRounds "7"]


1. c4 e6 2. g3 d5 3. Bg2 Nf6 4. Nf3 Be7 5. O-O O-O 6. d4 c5 7. cxd5 exd5 8. Nc3
Nc6 9. Bg5 cxd4 10. Nxd4 h6 11. Be3 Re8 12. h3 Bf8 13. Rc1 Ne5 14. Ncb5 Nc4 15.
Bf4 g5 16. Bc7 Qd7 17. b3 a6 18. bxc4 axb5 19. cxb5 Rxa2 20. b6 Ne4 21. Rc2 Ra3
22. e3 Qa4 23. Qb1 Bd7 24. Kh2 Ra8 25. Rfc1 Bg7 26. Bxe4 dxe4 27. Rc4 Qa5 28.
Qxe4 Ra2 29. R4c2 Bxd4 30. Qxd4 Bc6 31. Qf6 Rxc2 32. Rxc2 Qd5 33. Rxc6 1-0

[Event "Koge 3+ EMT 2013"]
[Site "Koge"]
[Date "2013.04.09"]
[Round "4"]
[White "Krogh, Peter Ove"]
[Black "Pedersen, Hans Dahl"]
[Result "0-1"]
[WhiteElo "1782"]
[BlackElo "2150"]
[PlyCount "96"]
[EventDate "2013.??.??"]
[EventType "tourn"]
[EventRounds "7"]


1. c4 e6 2. Nf3 d5 3. e3 Nf6 4. b3 Bd6 5. Bb2 Nbd7 6. d4 c6 7. Nbd2 Qa5 8. Bd3
dxc4 9. bxc4 c5 10. O-O Qc7 11. Qc2 b6 12. h3 Bb7 13. Rac1 O-O 14. Rfd1 h6 15.
Qb1 Rad8 16. Kh1 Qc6 17. Ne1 Rfe8 18. f3 cxd4 19. exd4 e5 20. d5 Qc7 21. Bf5
Nc5 22. Nd3 Bc8 23. Bxc8 Rxc8 24. Nxc5 Qxc5 25. Ne4 Nxe4 26. Qxe4 Qf2 27. Rc2
Qg3 28. Bc1 Re7 29. Be3 Rec7 30. Bf2 Qg5 31. Be3 f5 32. Qd3 e4 33. fxe4 Qg3 34.
Bg1 Qxd3 35. Rxd3 fxe4 36. Rdc3 Be5 37. Ra3 Rxc4 38. Rxc4 Rxc4 39. g4 Bd4 40.
Bxd4 Rxd4 41. Rxa7 Rxd5 42. Kg2 Rd2+ 43. Kf1 Rh2 44. Ra4 Rxh3 45. Rxe4 Ra3 46.
Re2 Kh7 47. Kg2 Kg6 48. Re6+ Kg5 0-1

[Event "Koge 3+ EMT 2013"]
[Site "Koge"]
[Date "2013.04.09"]
[Round "4"]
[White "Smidt Nielsen, Henrik"]
[Black "Christensen, Verner"]
[Result "1-0"]
[WhiteElo "1853"]
[BlackElo "1850"]
[PlyCount "93"]
[EventDate "2013.??.??"]
[EventType "tourn"]
[EventRounds "7"]


1. Nf3 Nf6 2. d4 c5 3. c4 g6 4. Nc3 cxd4 5. Nxd4 Bg7 6. e4 Nc6 7. Be3 O-O 8.
Be2 d6 9. O-O Ne5 10. f3 Bd7 11. Rc1 Ne8 12. Qd2 f5 13. h3 Nc6 14. f4 Nc7 15.
exf5 Bxf5 16. Nxf5 Rxf5 17. Bg4 Rf8 18. Nd5 Kh8 19. b4 e5 20. f5 Nxd5 21. cxd5
Ne7 22. fxg6 Nxg6 23. Rxf8+ Nxf8 24. Rf1 Qe8 25. Qc2 Qe7 26. Rf5 Nd7 27. Qc7
Qd8 28. Qxd8+ Rxd8 29. Rf7 Nf6 30. Rxb7 Nxd5 31. Bxa7 e4 32. Be6 Nf4 33. Bg4 d5
34. Rb8 Rf8 35. Rxf8+ Bxf8 36. Bd4+ Kg8 37. g3 h5 38. gxf4 hxg4 39. hxg4 Bxb4
40. a4 Ba5 41. Kf2 Kf7 42. Ke3 Ke6 43. Bc5 Kd7 44. f5 Bc7 45. g5 Bh2 46. Ke2
Kc6 47. Bd4 1-0

[Event "Koge 3+ EMT 2013"]
[Site "Koge"]
[Date "2013.04.09"]
[Round "4"]
[White "Vesterskov, Michael"]
[Black "Carlsen, Erik"]
[Result "1/2-1/2"]
[WhiteElo "1733"]
[BlackElo "1956"]
[PlyCount "32"]
[EventDate "2013.??.??"]
[EventType "tourn"]
[EventRounds "7"]


1. d4 d5 2. c4 e6 3. Nc3 Nf6 4. Bg5 Be7 5. Nf3 O-O 6. e3 Nbd7 7. Bd3 b6 8. Qc2
Bb7 9. Ne5 h6 10. Bf4 c5 11. O-O Rc8 12. Qe2 dxc4 13. Bxc4 cxd4 14. exd4 Nb8
15. Nxf7 Rxf7 16. Bxe6 Ba6 1/2-1/2

[Event "Koge 3+ EMT 2013"]
[Site "Koge"]
[Date "2013.04.16"]
[Round "5"]
[White "Carlsen, Erik"]
[Black "Stuhr, Finn"]
[Result "1-0"]
[WhiteElo "1956"]
[BlackElo "1663"]
[PlyCount "97"]
[EventDate "2013.??.??"]
[EventType "tourn"]
[EventRounds "7"]


1. c4 g6 2. Nc3 b6 3. d4 Bb7 4. e4 d6 5. Nf3 Bg7 6. Bd3 Nd7 7. Be3 c5 8. d5
Bxc3+ 9. bxc3 Ngf6 10. h3 O-O 11. O-O Re8 12. Re1 e6 13. Bg5 Qc7 14. Qa4 Rac8
15. Rad1 exd5 16. exd5 Nh5 17. g4 Ng7 18. Bf4 f6 19. Bb1 Ne5 20. Nxe5 dxe5 21.
Bg3 Rcd8 22. Rd2 Bc8 23. Red1 Rd6 24. f4 Qf7 25. fxe5 fxe5 26. Rf2 Qe7 27. Rdf1
Qg5 28. Kh2 Qh6 29. Kg2 Rd7 30. Qd1 Qg5 31. Qf3 Qe7 32. Re2 Qd6 33. Qe4 Rde7
34. Rfe1 Ne6 35. Kh2 Ng5 36. Qe3 Nf7 37. Bh4 Rc7 38. Rf1 Qf8 39. Bf6 Nh6 40.
Ref2 Rf7 41. Qg5 Rd8 42. Kg2 Re8 43. Bxe5 Qe7 44. Bf6 Qe3 45. Qxe3 Rxe3 46. Bg5
Rxf2+ 47. Rxf2 Nxg4 48. hxg4 Rxc3 49. Bh6 1-0

[Event "Koge 3+ EMT 2013"]
[Site "Koge"]
[Date "2013.04.16"]
[Round "5"]
[White "Christensen, Verner"]
[Black "Vesterskov, Michael"]
[Result "1-0"]
[WhiteElo "1850"]
[BlackElo "1733"]
[PlyCount "51"]
[EventDate "2013.??.??"]
[EventType "tourn"]
[EventRounds "7"]


1. e4 c5 2. d4 cxd4 3. c3 e5 4. Bc4 Bc5 5. Nf3 Nc6 6. O-O h6 7. b4 Bb6 8. b5
Na5 9. Bxf7+ Kxf7 10. Nxe5+ Ke6 11. cxd4 Nf6 12. d5+ Kxe5 13. Bf4+ Kxf4 14.
Qf3+ Ke5 15. Qg3+ Kd4 16. Qe3+ Ke5 17. Qg3+ Kd4 18. Rd1+ Kc5 19. Rc1+ Kd4 20.
Rd1+ Kc5 21. Qa3+ Kxb5 22. Qd3+ Kc5 23. e5 Bc7 24. Qd4+ Kb5 25. Na3+ Ka6 26.
Qd3+ 1-0

[Event "Koge 3+ EMT 2013"]
[Site "Koge"]
[Date "2013.04.16"]
[Round "5"]
[White "Larsen, Ulrik"]
[Black "Krogh, Peter Ove"]
[Result "1-0"]
[WhiteElo "1971"]
[BlackElo "1782"]
[PlyCount "31"]
[EventDate "2013.??.??"]
[EventType "tourn"]
[EventRounds "7"]


1. e4 c5 2. Nc3 a6 3. g3 b5 4. Bg2 Bb7 5. Nge2 e6 6. O-O Ne7 7. d4 b4 8. Na4
cxd4 9. Nc5 Bc6 10. Nxd4 Qb6 11. Be3 Qxc5 12. Nf5 Qa5 13. Nd6+ Kd8 14. Nc4 Qa4
15. Bb6+ Kc8 16. Nd6# 1-0

[Event "Koge 3+ EMT 2013"]
[Site "Koge"]
[Date "2013.04.23"]
[Round "6"]
[White "Stuhr, Finn"]
[Black "Krogh, Peter Ove"]
[Result "1-0"]
[WhiteElo "1663"]
[BlackElo "1782"]
[PlyCount "41"]
[EventDate "2013.??.??"]
[EventType "tourn"]
[EventRounds "7"]


1. e4 c5 2. Nf3 a6 3. d4 cxd4 4. Nxd4 Nf6 5. Nc3 e5 6. Nf3 Bb4 7. Bc4 Qc7 8.
Qd3 b5 9. Bb3 Bb7 10. Bd2 Bxc3 11. Bxc3 Bxe4 12. Bxe5 Qb7 13. Qe3 Ng4 14. Qf4
Nxe5 15. Qxe5+ Kd8 16. Ng5 Bg6 17. Bxf7 Qxg2 18. O-O-O Nc6 19. Ne6+ Ke7 20.
Rxd7+ Kxd7 21. Qc7# 1-0

[Event "Koge 3+ EMT 2013"]
[Site "Koge"]
[Date "2013.04.23"]
[Round "6"]
[White "Smidt Nielsen, Henrik"]
[Black "Larsen, Ulrik"]
[Result "1/2-1/2"]
[WhiteElo "1853"]
[BlackElo "1971"]
[PlyCount "71"]
[EventDate "2013.??.??"]
[EventType "tourn"]
[EventRounds "7"]


1. Nf3 Nf6 2. d4 c5 3. d5 g6 4. c4 d6 5. Nc3 e6 6. g3 exd5 7. cxd5 Bg7 8. Bg2
O-O 9. O-O Re8 10. Nd2 a6 11. a4 Nbd7 12. h3 Rb8 13. a5 b5 14. axb6 Nxb6 15. e4
Nfd7 16. Qc2 c4 17. Na4 Nxa4 18. Rxa4 Ne5 19. b3 Bd7 20. Ra3 cxb3 21. Nxb3 Bb5
22. Rd1 Rc8 23. Qb1 Be2 24. Rd2 Nf3+ 25. Bxf3 Bxf3 26. Nc5 Rxc5 27. Rxf3 Rb5
28. Qd3 Qb6 29. Rd1 Rc8 30. Be3 Qc7 31. Bd4 Qc4 32. Bxg7 Qxd3 33. Rfxd3 Kxg7
34. Ra3 a5 35. Rda1 Rbc5 36. Kg2 1/2-1/2

[Event "Koge 3+ EMT 2013"]
[Site "Koge"]
[Date "2013.04.23"]
[Round "6"]
[White "Carlsen, Erik"]
[Black "Christensen, Verner"]
[Result "1/2-1/2"]
[WhiteElo "1956"]
[BlackElo "1850"]
[PlyCount "31"]
[EventDate "2013.??.??"]
[EventType "tourn"]
[EventRounds "7"]


1. c4 Nf6 2. Nc3 g6 3. d4 d5 4. e3 Bg7 5. Be2 O-O 6. Nf3 b6 7. O-O Bb7 8. b3 c5
9. Bb2 cxd4 10. Nxd4 Nc6 11. Nxd5 Nxd5 12. Nxc6 Bxc6 13. Bxg7 Nxe3 14. Qxd8
Rfxd8 15. fxe3 Kxg7 16. Rad1 1/2-1/2

[Event "Koge 3+ EMT 2013"]
[Site "Koge"]
[Date "2013.05.07"]
[Round "7"]
[White "Christensen, Verner"]
[Black "Stuhr, Finn"]
[Result "1-0"]
[WhiteElo "1850"]
[BlackElo "1663"]
[PlyCount "99"]
[EventDate "2013.??.??"]
[EventType "tourn"]
[EventRounds "7"]


1. e4 e5 2. f4 d5 3. exd5 Qxd5 4. Nc3 Qd4 5. fxe5 Qxe5+ 6. Qe2 Bd6 7. Nf3 Qxe2+
8. Bxe2 a6 9. O-O Nc6 10. Bc4 h6 11. Ne4 Be7 12. d4 f5 13. Ng3 Nf6 14. Bf4 Bd6
15. Rae1+ Ne7 16. Ne5 g5 17. Bd2 f4 18. Ng6 Rh7 19. Ne5 Ng4 20. Nh5 Bf5 21. h3
Nxe5 22. Nf6+ Kd8 23. dxe5 Bc5+ 24. Kh1 Rh8 25. Rd1 Bxc2 26. Bb4+ Bxd1 27.
Rxd1+ Bd6 28. exd6 Nc6 29. dxc7+ Kxc7 30. Bd6+ Kb6 31. Nd7+ Ka7 32. Bc5+ b6 33.
Nxb6 Rad8 34. Nc8+ Kb8 35. Nd6 Rh7 36. Bxa6 Ne5 37. Rd4 Rc7 38. Rb4+ Ka8 39.
Bb7+ Rxb7 40. Nxb7 Rd1+ 41. Kh2 Rd2 42. Rb3 Nd3 43. Bg1 Ne1 44. Nc5 Rxg2+ 45.
Kh1 h5 46. Nd7 Rxg1+ 47. Kxg1 g4 48. hxg4 hxg4 49. Ne5 g3 50. Rc3 1-0

[Event "Koge 3+ EMT 2013"]
[Site "Koge"]
[Date "2013.05.07"]
[Round "7"]
[White "Pedersen, Hans Dahl"]
[Black "Carlsen, Erik"]
[Result "1/2-1/2"]
[WhiteElo "2150"]
[BlackElo "1956"]
[PlyCount "30"]
[EventDate "2013.??.??"]
[EventType "tourn"]
[EventRounds "7"]


1. c4 e6 2. g3 d5 3. Bg2 Nf6 4. Nf3 b6 5. b3 Bb7 6. Bb2 Be7 7. O-O O-O 8. Ne5
c5 9. e3 Qc7 10. Na3 a6 11. Rc1 Rd8 12. Qe2 d4 13. exd4 Bxg2 14. Kxg2 cxd4 15.
d3 Nbd7 1/2-1/2

[Event "Koge 3+ EMT 2013"]
[Site "Koge"]
[Date "2013.05.07"]
[Round "7"]
[White "Larsen, Ulrik"]
[Black "Vesterskov, Michael"]
[Result "1/2-1/2"]
[WhiteElo "1971"]
[BlackElo "1733"]
[PlyCount "42"]
[EventDate "2013.??.??"]
[EventType "tourn"]
[EventRounds "7"]


1. e4 e5 2. Nf3 Nc6 3. Bb5 a6 4. Bxc6 dxc6 5. O-O Bd6 6. d4 Bg4 7. dxe5 Bxf3 8.
Qxf3 Bxe5 9. Rd1 Qf6 10. Nd2 Rd8 11. Nc4 Rxd1+ 12. Qxd1 Bd4 13. Be3 Bxe3 14.
Nxe3 Qe5 15. Nf5 Ne7 16. Nxe7 Kxe7 17. Qd2 Rd8 18. Qb4+ Qd6 19. Qxd6+ Rxd6 20.
Kf1 Rd2 21. Rc1 Rd4 1/2-1/2

[Event "Koge 3+ EMT 2013"]
[Site "Koge"]
[Date "2013.05.07"]
[Round "7"]
[White "Krogh, Peter Ove"]
[Black "Smidt Nielsen, Henrik"]
[Result "0-1"]
[WhiteElo "1782"]
[BlackElo "1853"]
[PlyCount "82"]
[EventDate "2013.??.??"]
[EventType "tourn"]
[EventRounds "7"]


1. c4 c6 2. Nf3 d5 3. e3 Nf6 4. d4 Bf5 5. Qb3 Qb6 6. Qxb6 axb6 7. a3 e6 8. Nh4
Bg6 9. Nc3 Be7 10. Be2 Nbd7 11. O-O O-O 12. Nxg6 hxg6 13. Rd1 dxc4 14. Bxc4 b5
15. Bd3 b4 16. Nb1 Nb6 17. Bd2 Rfd8 18. Be1 Rd7 19. g3 c5 20. Bb5 Rd5 21. a4
cxd4 22. Rxd4 Rxb5 23. Na3 Rxa4 24. Nc2 Rxa1 25. Nxa1 Rd5 26. Nc2 Rxd4 27. exd4
Nfd5 28. b3 Nc3 29. f3 Nbd5 30. Kf2 Kf8 31. Bd2 Ke8 32. g4 g5 33. Ne3 Nxe3 34.
Kxe3 Bd6 35. Kd3 Bxh2 36. Bxg5 Bd6 37. Bd2 Ke7 38. f4 Kf6 39. f5 exf5 40. gxf5
Kxf5 41. Be1 Be7 0-1